000 00608nam a22002177a 4500
008 240620b mp ||||| |||| 00| 0 mon d
020 _a99929-0-472-0
035 _a1662
040 _aUM0146080
_bmon
_cMN-UlNLM
_dMN-UlNLM
_erda
041 _amon
042 _a2770
084 _2NNA
_a28.693.33
_bК88
100 _aКуппэр Х
245 0 _aховордсон ан амьтан
264 _aУлаанбаатар
_bМонсудар
_c2008
300 _a15х.
336 _2rdacontent
_atext
_btxt
337 _2rdamedia
_aunmediated
_bn
338 _2rdacarrier
_avolume
_bnc
942 _2NNA
_cBK
999 _c1005932
_d1005989